[Event "Open de"]
[Site "Cappelle la Grande"]
[Date "2002.??.??"]
[Round "1.230"]
[White "Bhuiydan, Abul Kashem"]
[Black "Swiercz, Kévin"]
[Result "0-1"]
[WhiteElo "2079"]
[BlackElo "1870"]
[Annotator "Cappon,John"]
[PlyCount "76"]

1. e4 c5 2. Nf3 e6 3. d4 cxd4 4. Nxd4 a6 5. Nc3 Qc7 6. Be3 Bb4 $1 7. Bd2 Nf6 8.
Bd3 b5 9. O-O Bc5 10. Nf3 Nc6 11. Qe2 Ng4 $1 12. a4 Nd4 $3 {Les noirs menacent
le pion h2 et un mat expeditif, le seul defenseur est le cavalier f3, d'ou
l'idee Cd4 pour devier le cavalier de la protection du roque. Les blancs
perdent au minimum une dame contre une piece, echange pas tres profitable aux
blancs.} 13. Rfe1 Nxe2+ 14. Rxe2 b4 15. Nd1 Bb7 16. h3 Ne5 17. Nxe5 Qxe5 18.
Kh1 g5 19. c3 Qd6 20. Bc4 Rg8 21. Be3 Bxe3 22. Nxe3 bxc3 23. bxc3 Rc8 (23...
Bxe4 $1 24. Ng4 Bxg2+ 25. Kxg2 Qc6+ 26. Kg1 Qxc4 27. Nf6+ Kf8 28. Nxg8 Qxe2)
24. Rd1 Qa3 25. Red2 Qxa4 26. Rd4 Qa5 27. Rxd7 Bxe4 28. Ra7 Ra8 29. Rad7 Bc6
30. R7d2 Qxc3 31. Ra2 Ke7 32. Re2 Rad8 33. Rb1 Rd2 34. Rbe1 Rxe2 35. Rxe2 g4
36. hxg4 Rxg4 37. Rc2 Bxg2+ 38. Kh2 Qe5+ 0-1

[Event "Open de"]
[Site "Cappelle la Grande"]
[Date "2002.??.??"]
[Round "1.6"]
[White "Rozentalis, Eduardas"]
[Black "Tissir, Mohamed"]
[Result "1/2-1/2"]
[WhiteElo "2598"]
[BlackElo "2368"]
[PlyCount "118"]
[WhiteTeam "Finland"]
[BlackTeam "Faroe Islands"]
[WhiteTeamCountry "FIN"]
[BlackTeamCountry "FAI"]

1. e4 c5 2. Nf3 d6 3. d4 cxd4 4. Qxd4 Nd7 5. Nc3 a6 6. Bc4 e6 7. Bg5 Qc7 8.
O-O-O Ngf6 9. Bb3 Be7 10. Qd2 O-O 11. Nd4 Nc5 12. Rhe1 b5 13. f3 Bd7 14. Kb1 b4
15. Nce2 a5 16. Ng3 Rfe8 17. Bc4 h6 18. Bxf6 Bxf6 19. Nh5 Be7 20. Nb5 Bxb5 21.
Bxb5 Reb8 22. Qd4 Bf8 23. Bc4 a4 24. f4 b3 25. cxb3 Nxb3 26. axb3 axb3 27. Qc3
Ra4 28. Bf1 Qa7 29. Kc1 d5 30. exd5 Ra1+ 31. Kd2 Bb4 32. Rxa1 Qd4+ 33. Bd3
Bxc3+ 34. bxc3 Qxd5 35. Ng3 Rd8 36. Re3 Qxg2+ 37. Ne2 Ra8 38. Be4 Rd8+ 39. Rd3
Rxd3+ 40. Bxd3 g6 41. Rb1 Qxh2 42. Rxb3 Kg7 43. c4 g5 44. c5 Qg2 45. Rc3 gxf4
46. c6 f3 47. c7 f2 48. c8=Q f1=Q 49. Qc4 Qg5+ 50. Kc2 Qe1 51. Qd4+ e5 52. Qe4
Qgd2+ 53. Kb3 Qed1+ 54. Kb4 Qb2+ 55. Kc5 Qdxe2 56. Qh7+ Kf8 57. Qxh6+ Ke8 58.
Qh8+ Ke7 59. Qh4+ Ke8 1/2-1/2

[Event "Open de"]
[Site "Cappelle la Grande"]
[Date "2002.??.??"]
[Round "1.7"]
[White "Rigo, Zsolt"]
[Black "Degraeve, Jean-Marc"]
[Result "0-1"]
[WhiteElo "2363"]
[BlackElo "2591"]
[PlyCount "79"]
[WhiteTeam "Faroe Islands"]
[BlackTeam "Finland"]
[WhiteTeamCountry "FAI"]
[BlackTeamCountry "FIN"]

1. e4 Nf6 2. e5 Nd5 3. d4 d6 4. Nf3 dxe5 5. Nxe5 c6 6. Be2 g6 7. O-O Bg7 8. Nd2
Nd7 9. Ndf3 Nxe5 10. Nxe5 O-O 11. Re1 Bf5 12. c3 Qc7 13. Bf3 Rfd8 14. Qb3 Be6
15. Qa3 a5 16. Bd2 Bf8 17. c4 Nb4 18. Qc3 Bg7 19. a3 c5 20. d5 Bf5 21. g4 Nd3
22. gxf5 Nxe5 23. Bf4 Nxf3+ 24. Qxf3 Qd7 25. fxg6 hxg6 26. Be5 Ra6 27. Re4 Bxe5
28. Rxe5 Rf6 29. Qg3 b5 30. Rae1 bxc4 31. Qh4 Kg7 32. Qxc4 Rh8 33. R1e3 Qd6 34.
Qg4 Rb8 35. b3 Rxb3 36. Qe4 Rb2 37. Re2 Rxe2 38. Qxe2 c4 39. Rxe7 Qxd5 40. Re5
0-1

[Event "Open de"]
[Site "Cappelle la Grande"]
[Date "2002.??.??"]
[Round "1.10"]
[White "Luther, Thomas"]
[Black "Cornette, Matthieu"]
[Result "1-0"]
[WhiteElo "2573"]
[BlackElo "2357"]
[PlyCount "55"]
[WhiteTeam "Finland"]
[BlackTeam "Faroe Islands"]
[WhiteTeamCountry "FIN"]
[BlackTeamCountry "FAI"]

1. e4 e5 2. Nf3 d6 3. d4 exd4 4. Qxd4 a6 5. Bg5 Nc6 6. Qd2 Nf6 7. Nc3 Be7 8.
O-O-O O-O 9. Bd3 b5 10. Kb1 Ne5 11. Nxe5 dxe5 12. Qe2 Bd7 13. h4 c6 14. Rd2 Qa5
15. f4 Be6 16. f5 b4 17. Na4 Bxa2+ 18. Kxa2 Qxa4+ 19. Kb1 Rfd8 20. Bxf6 Bxf6
21. Bc4 Rxd2 22. Qxd2 Rd8 23. Qe2 Qa5 24. g4 Rd6 25. g5 Be7 26. Qh5 g6 27. fxg6
hxg6 28. Qf3 1-0

[Event "Open de"]
[Site "Cappelle la Grande"]
[Date "2002.??.??"]
[Round "1.12"]
[White "Fridman, Daniel"]
[Black "Brustman, Agnieszka"]
[Result "1-0"]
[WhiteElo "2571"]
[BlackElo "2354"]
[PlyCount "81"]
[WhiteTeamCountry "FIN"]
[BlackTeamCountry "FAI"]

1. Nf3 Nf6 2. c4 g6 3. g3 Bg7 4. Bg2 d5 5. cxd5 Nxd5 6. Nc3 Nb6 7. d4 Nc6 8. e3
e5 9. d5 Na5 10. O-O O-O 11. e4 c6 12. d6 Bg4 13. b3 Nd7 14. Be3 Qf6 15. h3
Bxf3 16. Bxf3 Rfd8 17. Be2 b6 18. h4 h6 19. Qd2 Kh7 20. Rad1 Qe6 21. h5 g5 22.
Qc2 Bf8 23. b4 Nc4 24. Nd5 Nxe3 25. Nxe3 Nf6 26. Nf5 b5 27. Qxc6 Rac8 28. Qb7
Rb8 29. Qxa7 Nxe4 30. Bd3 Qxf5 31. Rfe1 Kg8 32. Bxe4 Qd7 33. Qe3 Bxd6 34. Qf3
Qe6 35. Bd5 Qe7 36. Qf5 Bxb4 37. Qg6+ Kh8 38. Qxh6+ Kg8 39. Qg6+ Kh8 40. Bxf7
Bxe1 41. Qh6# 1-0

[Event "Open de"]
[Site "Cappelle la Grande"]
[Date "2002.??.??"]
[Round "1.14"]
[White "Kotronias, Vasilios"]
[Black "Frois, Antonio"]
[Result "1-0"]
[WhiteElo "2568"]
[BlackElo "2354"]
[PlyCount "145"]
[WhiteTeamCountry "FIN"]
[BlackTeamCountry "FAI"]

1. e4 c5 2. Nf3 Nc6 3. d4 cxd4 4. Nxd4 g6 5. c4 Nf6 6. Nc3 d6 7. Be2 Nxd4 8.
Qxd4 Bg7 9. Bg5 O-O 10. Qd2 Be6 11. Rc1 Qa5 12. f3 Rfe8 13. b3 a6 14. Na4 Qxd2+
15. Kxd2 Nd7 16. h4 f6 17. Be3 f5 18. Bd3 Rf8 19. Bg5 Rae8 20. exf5 Bxf5 21.
Be2 Nc5 22. Nc3 Ne6 23. Be3 Nd4 24. h5 gxh5 25. Rxh5 Bg6 26. Rh3 Nxe2 27. Kxe2
Rf5 28. Nd5 e6 29. Nf4 d5 30. Nxg6 hxg6 31. cxd5 exd5 32. Kd3 Rfe5 33. f4 R5e6
34. Rg3 Kf7 35. Rc5 d4 36. Bd2 Bf6 37. Rh3 Rc6 38. Rxc6 bxc6 39. Rh7+ Ke6 40.
Ra7 Rh8 41. Rxa6 Kd5 42. Ra5+ Ke6 43. Rc5 Kd7 44. a4 Rh2 45. a5 Rxg2 46. a6
Rg3+ 47. Kc4 Rh3 48. a7 Rh8 49. Ra5 Ra8 50. Bb4 Bd8 51. Ra6 Bc7 52. Bd2 Kc8 53.
Rxc6 Rxa7 54. Kxd4 Ra2 55. Kd3 Kd7 56. Rxg6 Rb2 57. Kc3 Rb1 58. Rg3 Rf1 59.
Rd3+ Kc6 60. Rd4 Bb6 61. Re4 Rf2 62. Re6+ Kc7 63. b4 Rf1 64. Kd3 Kb7 65. Ke4
Rd1 66. Rd6 Bc7 67. Rd3 Kc6 68. f5 Rh1 69. Bf4 Bb6 70. f6 Rb1 71. f7 Rxb4+ 72.
Kf5 Bc5 73. Rc3 1-0

[Event "Open de"]
[Site "Cappelle la Grande"]
[Date "2002.??.??"]
[Round "1.15"]
[White "Kaabi, Mejdi"]
[Black "Burmakin, Vladimir"]
[Result "0-1"]
[WhiteElo "2352"]
[BlackElo "2564"]
[PlyCount "162"]
[WhiteTeamCountry "FIN"]
[BlackTeamCountry "FAI"]

1. d4 d5 2. Nf3 c6 3. c4 Nf6 4. Qc2 a6 5. Bf4 dxc4 6. Qxc4 Bf5 7. Nc3 e6 8. g3
Nbd7 9. Bg2 Nd5 10. Nxd5 exd5 11. Qb3 Qa5+ 12. Bd2 Qb5 13. Qe3+ Be7 14. Bc3 Be4
15. a4 Qb6 16. Bh3 Nf6 17. O-O O-O 18. a5 Qa7 19. Ng5 Rfe8 20. Nxe4 Nxe4 21.
Bd7 Bg5 22. Qd3 Re7 23. Bh3 Bf6 24. Rad1 Rd8 25. Bb4 Ree8 26. e3 Be7 27. Be1
Bd6 28. f3 Ng5 29. Bg2 Qb8 30. Qf5 Ne6 31. b4 Qc7 32. Qd3 Qe7 33. Rb1 Nc7 34.
Bd2 Nb5 35. Rb3 Bb8 36. Bc1 Qf6 37. Rd1 Re7 38. Qf1 h5 39. Qf2 Nd6 40. Bh3 Rde8
41. Bg2 Bc7 42. Rf1 Bd8 43. Rd3 Rc7 44. Re1 Qg6 45. Rdd1 Bg5 46. h4 Bh6 47. Kh2
Rce7 48. Bh3 Qf6 49. f4 Ne4 50. Qf3 Qd6 51. Ba3 Nc3 52. Rd3 Nb5 53. Rb1 g6 54.
Bc1 Qf6 55. Rb2 Kg7 56. Rg2 Rh8 57. g4 hxg4 58. Qxg4 Kf8 59. Bd2 Nd6 60. b5
axb5 61. Bb4 Kg7 62. h5 Rhe8 63. hxg6 fxg6 64. f5 g5 65. Qf4 Rd7 66. Rc3 Ne4
67. Ra3 Kh8 68. Qf3 Qf7 69. a6 Bf8 70. a7 Ra8 71. Bxf8 Qxf8 72. Rga2 b6 73. f6
Rdxa7 74. Rxa7 Rxa7 75. Qh5+ Rh7 76. Qg6 {Les blancs ont abandonne, voici les
2 variantes de mat en 6 coups, bon amusement!!} {Crafty 17.13: 1)} 76... Qd6+ (
{Crafty 17.13: 2)} 76... Qb8+ 77. Kg1 Qg3+ 78. Kf1 Qxh3+ 79. Rg2 Qf3+ 80. Ke1
Rh1+ 81. Rg1 Rxg1# {-#6/5}) 77. Kg1 Qg3+ 78. Kf1 Qxh3+ 79. Rg2 Qf3+ 80. Ke1
Rh1+ 81. Rg1 Rxg1# {-#6/5} 0-1

[Event "Open de"]
[Site "Cappelle la Grande"]
[Date "2002.??.??"]
[Round "1.16"]
[White "Savchenko, Stanislav"]
[Black "Vavrak, Peter"]
[Result "1/2-1/2"]
[WhiteElo "2563"]
[BlackElo "2351"]
[PlyCount "149"]
[WhiteTeamCountry "FIN"]
[BlackTeamCountry "FAI"]

1. d4 e6 2. c4 Nf6 3. Nc3 Bb4 4. Qc2 O-O 5. a3 Bxc3+ 6. Qxc3 b6 7. Bg5 Bb7 8.
e3 h6 9. Bh4 d5 10. cxd5 Bxd5 11. Bxf6 Qxf6 12. Qxc7 Nc6 13. Ne2 Rac8 14. Qg3
Bc4 15. Qf3 Qxf3 16. gxf3 e5 17. dxe5 Nxe5 18. Nd4 Bxf1 19. Kxf1 Nc6 20. Nf5
Rfd8 21. Rc1 g6 22. Rxc6 gxf5 23. Rxc8 Rxc8 24. Kg2 Rc2 25. Rb1 b5 26. b4 Rc3
27. Ra1 a6 28. Ra2 f4 29. exf4 Kg7 30. Kg3 Kf6 31. Kg4 Kg6 32. f5+ Kf6 33. f4
Kg7 34. h4 Rd3 35. a4 Rb3 36. axb5 axb5 37. Ra6 Rxb4 38. f6+ Kh7 39. h5 Rc4 40.
Ra7 Kg8 41. Ra8+ Kh7 42. Rf8 Rc7 43. Rb8 Rc5 44. Rb6 Kg8 45. f5 Kh7 46. Kf4 Kg8
47. Ke4 Kh7 48. Rb8 Rc6 49. Ke5 b4 50. Rxb4 Ra6 51. Rg4 Kh8 52. Rg3 Rb6 53. Rg7
Rb7 54. f3 Ra7 55. Rg4 Ra6 56. Rd4 Kh7 57. Rd8 Rb6 58. Kd5 Ra6 59. Rf8 Ra7 60.
Rd8 Ra6 61. Ke5 Rb6 62. Rd7 Kg8 63. Rd6 Rb5+ 64. Rd5 Rb6 65. Ra5 Kh8 66. Ra7
Kg8 67. Rd7 Ra6 68. Rb7 Rc6 69. Rd7 Ra6 70. Kd5 Rxf6 71. Ke5 Kg7 72. Rd8 Ra6
73. f6+ Kh7 74. Rd6 Ra7 75. Rd8 1/2-1/2

[Event "Open de"]
[Site "Cappelle la Grande"]
[Date "2002.??.??"]
[Round "1.17"]
[White "Kotan, Ladislav"]
[Black "Kazhgaleyev, Murtas"]
[Result "0-1"]
[WhiteElo "2350"]
[BlackElo "2561"]
[PlyCount "74"]
[WhiteTeamCountry "FIN"]
[BlackTeamCountry "FAI"]

1. e4 e5 2. Nf3 Nc6 3. Bb5 a6 4. Ba4 Nf6 5. d3 d6 6. c4 g6 7. Nc3 Bg7 8. Be3
O-O 9. h3 Nh5 10. Bxc6 bxc6 11. g4 Nf4 12. Bxf4 exf4 13. Qd2 Rb8 14. O-O-O d5
15. d4 dxe4 16. Nxe4 f5 17. gxf5 Bxf5 18. Nc5 Qd6 19. Rhe1 Rfd8 20. Ne5 g5 21.
Qc3 a5 22. Qf3 a4 23. Nxc6 Qxc5 24. Re8+ Rxe8 25. dxc5 Be4 26. Qxe4 Rxe4 27.
Nxb8 Rxc4+ 28. Kb1 Rb4 29. Rd8+ Kf7 30. b3 axb3 31. a3 Re4 32. Rd7+ Kg6 33.
Rxg7+ Kxg7 34. Na6 c6 35. Nb8 h5 36. Nxc6 g4 37. hxg4 hxg4 0-1

[Event "Open de"]
[Site "Cappelle la Grande"]
[Date "2002.??.??"]
[Round "1.18"]
[White "Timoshenko, Georgy"]
[Black "Collutiis, Duilio"]
[Result "1/2-1/2"]
[WhiteElo "2560"]
[BlackElo "2348"]
[PlyCount "90"]
[WhiteTeamCountry "FIN"]
[BlackTeamCountry "FAI"]

1. e4 c5 2. Nf3 Nc6 3. d4 cxd4 4. Nxd4 Qc7 5. Nc3 e6 6. Be3 a6 7. Be2 b5 8.
Nxc6 Qxc6 9. Bf3 Bb7 10. O-O Ne7 11. a3 Ng6 12. Qd4 Nh4 13. Bg4 h5 14. Bh3 f6
15. Rad1 Rc8 16. f4 Ng6 17. Kh1 Bc5 18. Qd3 Be7 19. Rf2 Nf8 20. f5 Qc4 21. Kg1
Qxd3 22. cxd3 Bc5 23. Bxc5 Rxc5 24. d4 Rc4 25. e5 fxe5 26. dxe5 g5 27. g3 h4
28. Bg2 hxg3 29. hxg3 Bxg2 30. Kxg2 exf5 31. Rxf5 g4 32. Rd2 Ne6 33. Nd5 Nd4
34. Nf6+ Ke7 35. Rg5 Rh2+ 36. Kxh2 Nf3+ 37. Kg2 Nxd2 38. Nxg4 Rc2 39. Rg7+ Ke6
40. Kh3 Rxb2 41. Rg6+ Kf5 42. Rf6+ Ke4 43. Rxa6 Nf3 44. e6 Ng5+ 45. Kh4 Nxe6
1/2-1/2

[Event "Open de"]
[Site "Cappelle la Grande"]
[Date "2002.??.??"]
[Round "1.19"]
[White "Daly, Colm"]
[Black "Hebden, Marc"]
[Result "1/2-1/2"]
[WhiteElo "2348"]
[BlackElo "2558"]
[PlyCount "106"]
[WhiteTeamCountry "FIN"]
[BlackTeamCountry "FAI"]

1. d4 Nf6 2. c4 c5 3. dxc5 Na6 4. a3 Nxc5 5. b4 Ne6 6. Bb2 g6 7. Bxf6 exf6 8.
Nc3 Bg7 9. Rc1 O-O 10. e3 f5 11. g3 a5 12. Nge2 axb4 13. axb4 Ng5 14. Bg2 d6
15. O-O Re8 16. Qd3 Qb6 17. Nd5 Qd8 18. Ndc3 Qb6 19. Nb5 Rd8 20. Rfd1 Be6 21.
Nf4 Be5 22. Nd5 Bxd5 23. Qxd5 Rab8 24. Rc2 Ne6 25. Ra2 h5 26. Rd3 Nc7 27. Nxc7
Qxc7 28. Qb5 h4 29. Ra7 Rdc8 30. Bd5 Qe7 31. Kg2 hxg3 32. hxg3 Kg7 33. Rxb7
Rxb7 34. Qxb7 Qxb7 35. Bxb7 Rb8 36. Ba6 Rxb4 37. f4 Bb2 38. Rxd6 Rb3 39. c5 Ba3
40. Rb6 Rxe3 41. c6 Rc3 42. Bb5 g5 43. Ra6 Bd6 44. Ra4 gxf4 45. gxf4 Rc5 46.
Bd3 Rxc6 47. Bxf5 Rc3 48. Bg4 Kg6 49. Ra6 Rd3 50. Kf2 f6 51. Ra4 Bc5+ 52. Kg2
Rc3 53. Be6 Bd6 1/2-1/2

[Event "Open de"]
[Site "Cappelle la Grande"]
[Date "2002.??.??"]
[Round "1.21"]
[White "Niklasch, Olivier"]
[Black "Kveinys, Aloyzas"]
[Result "0-1"]
[WhiteElo "2346"]
[BlackElo "2555"]
[PlyCount "64"]
[WhiteTeamCountry "FIN"]
[BlackTeamCountry "FAI"]

1. d4 Nf6 2. c4 e6 3. Nc3 Bb4 4. e3 O-O 5. Bd3 d5 6. Nf3 c5 7. O-O Nc6 8. a3
Bxc3 9. bxc3 dxc4 10. Bxc4 Qc7 11. Bb5 a6 12. Be2 Rd8 13. Bb2 e5 14. Qc2 e4 15.
Nd2 Bf5 16. Rfc1 Rac8 17. Nb3 c4 18. Nd2 b5 19. a4 Re8 20. axb5 axb5 21. Ba3
Nd5 22. Nf1 Na5 23. Ng3 Qd7 24. Rab1 Bg6 25. Bc5 Ra8 26. h4 f5 27. Qd1 Bf7 28.
Nh5 Nb3 29. Rc2 Red8 30. g3 Be6 31. Bf1 Nxc3 32. Rxc3 Nxc5 0-1

[Event "Open de"]
[Site "Cappelle la Grande"]
[Date "2002.??.??"]
[Round "1.22"]
[White "Halkias, Stelios"]
[Black "Sziebert, Adam"]
[Result "1-0"]
[WhiteElo "2546"]
[BlackElo "2345"]
[PlyCount "117"]
[WhiteTeamCountry "FIN"]
[BlackTeamCountry "FAI"]

1. d4 Nf6 2. c4 c5 3. d5 b5 4. cxb5 a6 5. e3 e6 6. Nc3 exd5 7. Nxd5 Bb7 8.
Nxf6+ Qxf6 9. Nf3 Be7 10. bxa6 Nxa6 11. Be2 Nb4 12. a3 Qg6 13. O-O Nc2 14. Bd3
Be4 15. Bxe4 Qxe4 16. Rb1 Ne1 17. Bd2 Nxf3+ 18. Qxf3 Qxf3 19. gxf3 d5 20. Bc3
Kd7 21. Rfd1 Ke6 22. Kf1 f6 23. Ke2 Rhd8 24. Rbc1 g5 25. Rc2 f5 26. Rcd2 Ra4
27. Kf1 Rd7 28. Kg2 Bd8 29. h3 Bc7 30. Ra1 Ba5 31. Bxa5 Rxa5 32. Rc1 c4 33. e4
Rb7 34. exd5+ Rxd5 35. Re2+ Re5 36. Rce1 Rxe2 37. Rxe2+ Kd5 38. Rd2+ Ke5 39.
Kf1 Rb3 40. Ke2 h5 41. Rc2 Kd4 42. Rd2+ Ke5 43. Rc2 Kd4 44. Rd2+ Kc5 45. Rc2 h4
46. Rd2 g4 47. fxg4 fxg4 48. hxg4 h3 49. Rd8 Rxb2+ 50. Ke3 Rb3+ 51. Ke4 Rxa3
52. Rh8 Rb3 53. g5 c3 54. g6 Rb6 55. g7 Rg6 56. g8=Q Rxg8 57. Rxg8 h2 58. Rh8
c2 59. Kd3 1-0

[Event "Open de"]
[Site "Cappelle la Grande"]
[Date "2002.??.??"]
[Round "1.25"]
[White "Colin, Vincent"]
[Black "Slobodjan, Roman"]
[Result "0-1"]
[WhiteElo "2336"]
[BlackElo "2527"]
[PlyCount "144"]
[WhiteTeamCountry "FIN"]
[BlackTeamCountry "FAI"]

1. d4 d6 2. c4 g6 3. Nc3 Bg7 4. e4 Nc6 5. Be3 Nf6 6. d5 Ne5 7. h3 O-O 8. f4
Ned7 9. Bd3 e5 10. dxe6 fxe6 11. Nge2 b6 12. O-O Bb7 13. f5 Qe7 14. Bg5 Ne5 15.
Nf4 h6 16. Bxf6 Rxf6 17. Nxe6 Rxe6 18. fxe6 Qxe6 19. Nd5 Rf8 20. Be2 c6 21. Nf4
Qe7 22. Qb3 Kh7 23. Rad1 Rd8 24. Nd3 c5 25. Nf4 Bxe4 26. Qe3 Bc6 27. Nxg6 Nxg6
28. Qxe7 Nxe7 29. Rf7 Ng8 30. Rxa7 Kh8 31. b3 Bd4+ 32. Kh2 Nf6 33. Bf3 Bxf3 34.
gxf3 Rg8 35. f4 Re8 36. Rb7 Re2+ 37. Kg3 Ne4+ 38. Kf3 Re3+ 39. Kg2 Rg3+ 40. Kh2
Rf3 41. h4 Rxf4 42. h5 Rf2+ 43. Kh3 Be5 44. Rg1 Ng5+ 45. Rxg5 hxg5 46. Kg4 Rxa2
47. Kxg5 Rg2+ 48. Kf5 Rf2+ 49. Kg5 Bg7 50. Rxb6 Bf8 51. Kg6 Kg8 52. Rb8 Rg2+
53. Kf6 Rg7 54. b4 cxb4 55. Rxb4 Rh7 56. Kg6 Rh6+ 57. Kg5 Re6 58. Rb8 Kf7 59.
Rb1 Re5+ 60. Kg4 Re4+ 61. Kg5 Re5+ 62. Kg4 Re4+ 63. Kg5 Be7+ 64. Kh6 Rxc4 65.
Kh7 Bf6 66. h6 Rc8 67. Rb7+ Ke6 68. Kg6 Rg8+ 69. Kh7 Rf8 70. Kg6 Bh8 71. Kh7 d5
72. Rb6+ Ke5 0-1

[Event "Open de"]
[Site "Cappelle la Grande"]
[Date "2002.??.??"]
[Round "1.26"]
[White "Jenni, Florian"]
[Black "Galianina-Ryjan, Julia"]
[Result "0-1"]
[WhiteElo "2525"]
[BlackElo "2333"]
[PlyCount "115"]
[WhiteTeamCountry "FIN"]
[BlackTeamCountry "FAI"]

1. e4 c5 2. Nf3 Nc6 3. d4 cxd4 4. Nxd4 Nf6 5. Nc3 d6 6. f3 e5 7. Nb3 Be7 8. Be3
O-O 9. Qd2 a5 10. Bb5 Na7 11. Bd3 Nc6 12. a3 Be6 13. Rd1 a4 14. Nc1 Qa5 15. Qf2
Nd7 16. Bb5 Nc5 17. O-O Na7 18. Be2 Nc8 19. Nd3 Nb6 20. Nb4 Rac8 21. Rd2 Ncd7
22. Rfd1 Nc4 23. Bxc4 Rxc4 24. Ncd5 Bd8 25. Qe2 Rc8 26. Nc3 Nb6 27. Bxb6 Bxb6+
28. Kh1 Bd4 29. Ncd5 Rfe8 30. c3 Bc5 31. Qe1 h6 32. Nc2 Kh7 33. Nce3 Qb5 34.
Nf5 Bxd5 35. Rxd5 Qxb2 36. Rb1 Qxa3 37. Rxb7 Rf8 38. Rd1 Qa2 39. Qg3 g6 40. Ne7
Rb8 41. Nxg6 Rxb7 42. Nxf8+ Kh8 43. Qg4 Qb1 44. f4 a3 45. h4 a2 46. Kh2 a1=Q
47. Qf5 Kg7 48. Rxb1 Qxb1 49. Nh7 Qg1+ 50. Kh3 Qh1+ 51. Kg3 Qe1+ 52. Kg4 Qe2+
53. Kh3 exf4 54. Ng5 Qe3+ 55. Nf3 Re7 56. Qg4+ Kf8 57. Qh5 Re6 58. e5 0-1

[Event "Open de"]
[Site "Cappelle la Grande"]
[Date "2002.??.??"]
[Round "1.27"]
[White "Callistri, Tristan"]
[Black "Lalic, Bogdan"]
[Result "1/2-1/2"]
[WhiteElo "2333"]
[BlackElo "2523"]
[PlyCount "30"]
[WhiteTeamCountry "FIN"]
[BlackTeamCountry "FAI"]

1. e4 e5 2. Nf3 Nc6 3. Bb5 a6 4. Ba4 Nf6 5. O-O Be7 6. Re1 b5 7. Bb3 O-O 8. a4
Rb8 9. axb5 axb5 10. c3 d5 11. exd5 e4 12. dxc6 exf3 13. d4 fxg2 14. Bf4 Bd6
15. Bg3 Bg4 1/2-1/2

[Event "Open de"]
[Site "Cappelle la Grande"]
[Date "2002.??.??"]
[Round "1.31"]
[White "Bosboom-Lanchav, Tea"]
[Black "Apicella, Manuel"]
[Result "1-0"]
[WhiteElo "2326"]
[BlackElo "2520"]
[PlyCount "83"]
[WhiteTeamCountry "FIN"]
[BlackTeamCountry "FAI"]

1. d4 Nf6 2. c4 g6 3. Nc3 Bg7 4. e4 d6 5. f4 O-O 6. Nf3 Bg4 7. Be2 e5 8. dxe5
Bxf3 9. gxf3 Nh5 10. O-O dxe5 11. Qxd8 Rxd8 12. fxe5 Bxe5 13. f4 Bd4+ 14. Kg2
c6 15. Bxh5 gxh5 16. Ne2 Na6 17. Rd1 Bb6 18. Bd2 Nc5 19. e5 Rd3 20. b4 Rad8 21.
bxc5 Bxc5 22. f5 Rxd2 23. Rxd2 Rxd2 24. Kf3 Rd3+ 25. Kf4 h4 26. f6 h6 27. Rf1
Kh7 28. Kf5 Re3 29. Ng1 Rc3 30. Nf3 Rxc4 31. Nd2 Rc2 32. Ne4 Bf8 33. h3 Rh2 34.
e6 fxe6+ 35. Kxe6 Rxh3 36. Kf7 Ba3 37. Rg1 Rh2 38. Rg7+ Kh8 39. Rg4 Re2 40.
Rg8+ Kh7 41. Rg7+ Kh8 42. Ng5 1-0

[Event "Open de"]
[Site "Cappelle la Grande"]
[Date "2002.??.??"]
[Round "1.32"]
[White "Pushkov, Nikolai"]
[Black "Velikhanli, Firuza"]
[Result "1-0"]
[WhiteElo "2516"]
[BlackElo "2325"]
[PlyCount "83"]
[WhiteTeamCountry "FIN"]
[BlackTeamCountry "FAI"]

1. d4 Nf6 2. Nf3 g6 3. Nc3 Bg7 4. e4 d6 5. Be2 c6 6. a4 O-O 7. a5 Bg4 8. Be3 e6
9. h3 Bxf3 10. Bxf3 d5 11. e5 Nfd7 12. b4 Qe7 13. Qb1 Na6 14. Ra4 Nc7 15. Be2
b6 16. O-O Rfb8 17. axb6 Nxb6 18. Ra3 Nc4 19. Bxc4 dxc4 20. Qa2 Nb5 21. Nxb5
cxb5 22. c3 Rb7 23. Ra6 h6 24. Ra1 Qc7 25. Qc2 Rd8 26. Qe4 Rd5 27. g4 Qe7 28.
Kg2 Rbd7 29. f4 Qh4 30. Bf2 Qe7 31. h4 Rb7 32. f5 Qe8 33. fxe6 fxe6 34. Rxa7
Rxa7 35. Rxa7 h5 36. Be3 hxg4 37. Qxg4 Rd8 38. Qe4 Rd5 39. Bg5 Qb8 40. Re7 Qa8
41. Rxe6 Qa2+ 42. Kg3 1-0

[Event "Open de"]
[Site "Cappelle la Grande"]
[Date "2002.??.??"]
[Round "1.34"]
[White "Galdunts, Sergey"]
[Black "Pinter, Erik"]
[Result "1-0"]
[WhiteElo "2510"]
[BlackElo "2323"]
[PlyCount "59"]
[WhiteTeamCountry "FIN"]
[BlackTeamCountry "FAI"]

1. e4 c5 2. Nf3 d6 3. Bc4 Nf6 4. d3 Nc6 5. c3 e6 6. Bb3 Be7 7. O-O O-O 8. Nbd2
b6 9. Re1 Ba6 10. Nf1 Rc8 11. Ne3 Rc7 12. h3 Qa8 13. Bc2 Rd8 14. a3 Ne5 15. Nh2
Bb7 16. f4 Ng6 17. Neg4 Nxg4 18. Qxg4 f5 19. Qe2 Kh8 20. Nf3 fxe4 21. dxe4 Rf8
22. g3 Bf6 23. Bd2 e5 24. f5 Ne7 25. g4 Ng8 26. c4 b5 27. cxb5 d5 28. g5 Be7
29. Nxe5 Bd6 30. Bf4 1-0

[Event "Open de"]
[Site "Cappelle la Grande"]
[Date "2002.??.??"]
[Round "1.35"]
[White "Gohil, Harry"]
[Black "Del Rio , Gabriel"]
[Result "1/2-1/2"]
[WhiteElo "2322"]
[BlackElo "2509"]
[PlyCount "126"]
[WhiteTeamCountry "FIN"]
[BlackTeamCountry "FAI"]

1. d4 e6 2. Nf3 Nf6 3. Bg5 d5 4. e3 Be7 5. Bd3 Nbd7 6. Nbd2 b6 7. c3 Bb7 8. O-O
c5 9. dxc5 bxc5 10. Qe2 Ne4 11. Bxe7 Qxe7 12. Ba6 Bxa6 13. Qxa6 Nxd2 14. Nxd2
O-O 15. Qa3 Nf6 16. c4 Rab8 17. cxd5 exd5 18. Rac1 Rfc8 19. Rc2 Qc7 20. Rfc1
Rb5 21. Qd3 Qb6 22. b3 Re8 23. h3 Rd8 24. a4 Ra5 25. Qc3 h6 26. Rb1 Rb8 27. Qd3
Qb4 28. Qc3 Kf8 29. Rbc1 Qb6 30. Qd3 Rd8 31. Rc3 c4 32. bxc4 dxc4 33. Qc2 Rxd2
34. Qxd2 Ne4 35. Qa2 Nxc3 36. Rxc3 Rc5 37. Rxc4 Qe6 38. Rc2 Qxa2 39. Rxa2 Rc1+
40. Kh2 a5 41. Kg3 Ke7 42. Rd2 Ke6 43. Kf4 g5+ 44. Kf3 Ra1 45. Rd4 h5 46. g4 h4
47. Ke4 Rh1 48. Rd5 f6 49. Rxa5 Rxh3 50. Ra6+ Kf7 51. a5 Rh2 52. Kf3 Rh1 53.
Rb6 Ra1 54. a6 Kg6 55. Kg2 Ra2 56. Rc6 Ra4 57. Kh3 Ra3 58. Rb6 Ra4 59. f4 gxf4
60. exf4 Rxf4 61. a7 Ra4 62. Rb7 Kg5 63. Rg7+ Kh6 1/2-1/2

[Event "Open de"]
[Site "Cappelle la Grande"]
[Date "2002.??.??"]
[Round "1.37"]
[White "Ciuksyte, Dagne"]
[Black "Nikitin, Andrey"]
[Result "1/2-1/2"]
[WhiteElo "2319"]
[BlackElo "2506"]
[PlyCount "143"]
[WhiteTeamCountry "FIN"]
[BlackTeamCountry "FAI"]

1. e4 e6 2. d4 d5 3. Nd2 Nf6 4. Bd3 c5 5. e5 Nfd7 6. c3 b6 7. Ngf3 Ba6 8. Bxa6
Nxa6 9. Qe2 Nc7 10. O-O c4 11. b3 b5 12. a4 a6 13. a5 Nb8 14. Ba3 Bxa3 15. Rxa3
b4 16. cxb4 Nb5 17. Raa1 c3 18. Nb1 Nc6 19. Nxc3 Nxc3 20. Qc2 Rc8 21. Qxc3 Nxe5
22. Qe3 Nc6 23. Qd2 Qd6 24. Rfc1 O-O 25. Rc5 Rb8 26. Qc3 Na7 27. Rc1 Qf4 28. g3
Qe4 29. Re1 Qf5 30. Ne5 Rb7 31. Qd2 Rfb8 32. Rec1 f6 33. g4 Qg5 34. Qxg5 fxg5
35. Rc7 h6 36. Nd7 Nb5 37. Rxb7 Rxb7 38. Rc8+ Kf7 39. Nc5 Ra7 40. Rc6 Nxd4 41.
Rb6 e5 42. Nxa6 Nxb3 43. Nb8 Nxa5 44. bxa5 Rxa5 45. Rb7+ Kf6 46. Rb6+ Kf7 47.
Nc6 Ra1+ 48. Kg2 Re1 49. Nb4 Rd1 50. Kf3 Rd4 51. Nc6 Rf4+ 52. Ke2 Kg8 53. f3 e4
54. fxe4 Rxe4+ 55. Kf3 Re6 56. Rb8+ Kh7 57. Nd4 Re4 58. Ne2 Ra4 59. Rb3 h5 60.
h3 hxg4+ 61. hxg4 Kg6 62. Rd3 Kf6 63. Rxd5 Ra3+ 64. Ke4 g6 65. Rd6+ Kf7 66. Rd3
Ra2 67. Kf3 Ra4 68. Nc3 Rf4+ 69. Kg3 Rc4 70. Rf3+ Kg7 71. Re3 Rc5 72. Ne4
1/2-1/2

[Event "Open de"]
[Site "Cappelle la Grande"]
[Date "2002.??.??"]
[Round "1.38"]
[White "Belkhodja, Slim"]
[Black "Clery, Nicolas"]
[Result "1-0"]
[WhiteElo "2506"]
[BlackElo "2319"]
[PlyCount "73"]
[WhiteTeamCountry "FIN"]
[BlackTeamCountry "FAI"]

1. e4 Nf6 2. Nc3 d5 3. exd5 Nxd5 4. Bc4 c6 5. Nge2 g6 6. O-O Bg7 7. d4 O-O 8.
Re1 Nb6 9. Bb3 N8d7 10. Bg5 h6 11. Be3 Nf6 12. Nf4 Kh7 13. h3 Nbd5 14. Ncxd5
Nxd5 15. Nxd5 cxd5 16. c3 Be6 17. Bf4 Qd7 18. Re3 Rac8 19. Qe2 a6 20. Re1 Rc6
21. h4 Bf6 22. h5 g5 23. Be5 Kg7 24. Bxf6+ exf6 25. Bc2 Rh8 26. Qd3 f5 27. Re5
Re8 28. g4 f6 29. R5e2 Rcc8 30. Kg2 Kf8 31. gxf5 Bf7 32. Re6 Bxe6 33. fxe6 Rxe6
34. Qh3 Re7 35. Bf5 Qd6 36. Rxe7 Qxe7 37. Bxc8 1-0